Vynalézání budoucnosti postkapitalismus a svět bez práce

Saved in:
Bibliographic Details
Main Author: Srnicek, Nick
Other Authors: Williams, Alex
Format: Book
Language:Czech
Published: Praha Masarykova demokratická akademie 2020
Edition:1. české vydání
Subjects:
Tags: Add Tag
No Tags, Be the first to tag this record!

MARC

LEADER 00000nam a2200000 4500
001 0307902
005 20250507150115.0
020 |a 978-80-87348-87-1 
041 0 |a cze 
044 |a CZ 
245 1 0 |a Vynalézání budoucnosti  |b postkapitalismus a svět bez práce  |c Nick Srnicek, Alex Williams 
250 |a 1. české vydání 
264 1 |a Praha  |b Masarykova demokratická akademie  |c 2020 
300 |a 265 s. 
610 2 0 |a kapitalizmus 
610 2 0 |a práca 
610 2 0 |a zamestnanie 
610 2 0 |a trh práce 
610 2 0 |a neoliberalizmus 
610 2 0 |a nerovnosť 
100 1 |a Srnicek, Nick 
700 1 |a Williams, Alex